Conjugaison latine: le verbe amare au présent - Statistiques

Statistiques générales
  • Ce quiz a été pris 150 fois
  • Le résultat moyen est 5 sur 6
Statistiques - réponses
Personne Verbe conjugué % Correct
Je Amo
99%
Tu Amas
98%
Il/Elle/On Amat
91%
Ils/Elles Amant
83%
Nous Amamus
80%
Vous Amatis
75%
Aucun quiz correspondant
Distribution des résultats
% des personnes avec chaque résultat
Percentile par nombre de réponses
Votre historique - résultats
Vous n’avez pas pris ce quiz